[Event "Benidorm Bali op-B 20th"]
[Site "Benidorm"]
[Date "2023.12.07"]
[Round "8"]
[White "Sempere Domenech, Abel"]
[Black "Martinez Herranz, Francisco Jose"]
[Result "1-0"]
[WhiteElo "1979"]
[BlackElo "1911"]
[PlyCount "61"]
[EventDate "2023.12.01"]
[EventType "swiss"]
[EventRounds "9"]
[EventCountry "ESP"]
[SourceTitle "CB51_2023"]
[SourceDate "2023.12.20"]
[SourceVersion "1"]
[SourceVersionDate "2023.12.20"]
[SourceQuality "1"]

1. d4 Nf6 2. c4 d6 3. Nf3 g6 4. Nc3 Bf5 5. Qb3 b6 6. Ng5 Bg7 7. e4 Bd7 8. c5 e6 9. cxd6 cxd6 10. Bf4 Nh5 11. Be3 0-0 12. Be2 Nc6 13. Nf3 Nf6 14. 0-0 h6 15. h3 Qe7 16. Rac1 Ne8 17. Rfd1 f5 18. exf5 gxf5 19. Bf4 Kh8 20. Qa3 Nd8 21. Ne5 Rf6 22. Bh5 Kh7 23. d5 Bf8 24. Nxd7 Qxd7 25. dxe6 Nxe6 26. Nd5 Nxf4 27. Bxe8 Qe6 28. Rc7+ Kh8 29. Nxf6 Qxf6 30. Qf3 Qe5 31. Qxa8 1-0

[Event "ESP-ch U18"]
[Site "Salobrena"]
[Date "2020.08.19"]
[Round "5"]
[White "Gonzalez Vacas, Raul"]
[Black "Sempere Domenech, Abel"]
[Result "0-1"]
[WhiteElo "1712"]
[BlackElo "1932"]
[PlyCount "70"]
[EventDate "2020.08.17"]
[EventType "swiss"]
[EventRounds "9"]
[EventCountry "ESP"]
[SourceTitle "CBM 197 Extra"]
[Source "ChessBase"]
[SourceDate "2020.09.30"]
[SourceVersion "1"]
[SourceVersionDate "2020.09.30"]
[SourceQuality "1"]

1. e4 e6 2. b3 d5 3. Bb2 dxe4 4. Nc3 Nf6 5. Qe2 Be7 6. Nxe4 0-0 7. 0-0-0 c5 8. d4 Qc7 9. Nxc5 Nbd7 10. Nxe6 fxe6 11. Qxe6+ Kh8 12. Qxe7 Re8 13. Qb4 Nb6 14. Nf3 Bf5 15. Bd3 Bxd3 16. Rxd3 Rac8 17. c4 Ne4 18. Rf1 Nd5 19. Qb5 Nf4 20. Rdd1 Nxg2 21. Qf5 Qf4+ 22. Qxf4 Nxf4 23. d5 b5 24. Ne5 Nd6 25. Kb1 bxc4 26. Rg1 c3 27. Bxc3 Rxc3 28. Rg4 Rxe5 29. Rxf4 Kg8 30. Ra4 Rc7 31. Ra6 Rd7 32. Ra5 Re2 33. f4 Rxh2 34. Re1 Kf7 35. Re5 Rf2 0-1

[Event "ESP-ch U18"]
[Site "Salobrena"]
[Date "2019.07.26"]
[Round "7"]
[White "Sempere Domenech, Abel"]
[Black "Noblejas Carreto, Victor"]
[Result "0-1"]
[WhiteElo "1979"]
[BlackElo "1742"]
[PlyCount "132"]
[EventDate "2019.07.22"]
[EventType "swiss"]
[EventRounds "9"]
[EventCountry "ESP"]
[SourceTitle "CBM 191 Extra"]
[Source "ChessBase"]
[SourceDate "2019.09.30"]
[SourceVersion "1"]
[SourceVersionDate "2019.09.30"]
[SourceQuality "1"]

1. d4 e6 2. Nf3 f5 3. g3 Nf6 4. Bg2 d5 5. 0-0 Bd6 6. c4 c6 7. b3 Qe7 8. Bf4 0-0 9. Bxd6 Qxd6 10. Qc2 Bd7 11. cxd5 cxd5 12. Nbd2 Nc6 13. Qb2 Ne4 14. Rfc1 Nxd2 15. Qxd2 Rac8 16. a3 a6 17. b4 b5 18. Ne1 f4 19. e3 fxg3 20. hxg3 Rf6 21. Nd3 Rcf8 22. Rf1 Ne7 23. Nc5 Nf5 24. e4 dxe4 25. Nxe4 Qxd4 26. Qxd4 Nxd4 27. Nxf6+ Rxf6 28. Rad1 Ne2+ 29. Kh2 Rh6+ 30. Bh3 Bc6 31. f4 Bd5 32. Rd2 Bc4 33. Re1 Nc3 34. Rd6 Bd5 35. Rd7 Ne4 36. Rc1 Bc4 37. Kg2 Rg6 38. g4 Nf6 39. Rd8+ Kf7 40. g5 h6 41. Rcd1 hxg5 42. f5 Rh6 43. fxe6+ Ke7 44. Bf5 g6 45. Bc2 Bxe6 46. Rb8 Bd5+ 47. Kg3 g4 48. Kf4 Nd7 49. Rc8 Bf3 50. Re1+ Kf6 51. Rce8 g5+ 52. Ke3 Kf7 53. Kd2 Rd6+ 54. Kc1 g3 55. R8e3 g4 56. Bd1 Rxd1+ 57. Rxd1 Bxd1 58. Kxd1 Kf6 59. Ke1 Ne5 60. Rxg3 Nf3+ 61. Kf2 Kf5 62. Ke3 Ne5 63. Ke2 Kf4 64. Kf2 Nf3 65. Rg2 Ng5 66. Rg3 Ne4+ 0-1

[Event "Tabiya Alcoy U2200 op-B 8th"]
[Site "Alcoy"]
[Date "2019.07.13"]
[Round "4"]
[White "Sempere Domenech, Abel"]
[Black "Masague Artero, Guerau"]
[Result "1/2-1/2"]
[WhiteElo "1979"]
[BlackElo "2179"]
[PlyCount "59"]
[EventDate "2019.07.12"]
[EventType "swiss"]
[EventRounds "7"]
[EventCountry "ESP"]
[SourceTitle "EXT 2021"]
[Source "ChessBase"]
[SourceDate "2020.10.23"]
[SourceVersion "1"]
[SourceVersionDate "2020.10.23"]
[SourceQuality "1"]

1. d4 Nf6 2. Nf3 d5 3. c4 c6 4. e3 a6 5. Nc3 b5 6. b3 Bg4 7. Be2 Nbd7 8. 0-0 e6 9. Bb2 Bd6 10. h3 Bf5 11. Bd3 Bg6 12. Qe2 b4 13. Na4 Bxd3 14. Qxd3 Ne4 15. Rac1 0-0 16. cxd5 cxd5 17. Nd2 Nxd2 18. Qxd2 Nb6 19. Nc5 a5 20. Nd3 Qd7 21. Rc2 Rfc8 22. Rfc1 Rxc2 23. Rxc2 Rc8 24. Rxc8+ Qxc8 25. Qc1 Qxc1+ 26. Bxc1 Nd7 27. Bb2 Be7 28. Kf1 Bd6 29. Ke2 Kf8 30. Kd2 1/2-1/2

[Event "Alcoy Region-ch Preferente"]
[Site "Alcoy"]
[Date "2016.11.19"]
[Round "7"]
[White "Canicio Navarro, Sonia"]
[Black "Sempere Domenech, Abel"]
[Result "1-0"]
[WhiteElo "1353"]
[BlackElo "1472"]
[PlyCount "64"]
[EventDate "2016.10.01"]
[EventType "swiss"]
[EventRounds "7"]
[EventCountry "ESP"]
[SourceTitle "EXT 2024"]
[Source "ChessBase"]
[SourceDate "2023.10.10"]
[SourceVersion "1"]
[SourceVersionDate "2023.10.10"]
[SourceQuality "1"]

1. d4 Nf6 2. c4 e5 3. dxe5 Ng4 4. Nf3 Bc5 5. e3 Nc6 6. a3 a5 7. Nc3 Ngxe5 8. Nxe5 Nxe5 9. Be2 0-0 10. b3 Re8 11. 0-0 Ra6 12. e4 Rae6 13. Bf4 Ng6 14. Bg3 d6 15. Bg4 R6e7 16. Bf3 Ne5 17. Bh5 Re6 18. Nd5 Nc6 19. Qf3 Qd7 20. Bg4 Nd4 21. Qe3 Qd8 22. Bxe6 Bxe6 23. b4 axb4 24. axb4 Bg4 25. bxc5 Ne2+ 26. Kh1 h5 27. f3 Nxg3+ 28. hxg3 Be6 29. Nf4 h4 30. g4 Qf6 31. Nh3 Rd8 32. cxd6 Rxd6 1-0

[Event "Alcoy Region-ch Preferente"]
[Site "Alcoy"]
[Date "2016.11.05"]
[Round "5"]
[White "Molto Salido, Jose"]
[Black "Sempere Domenech, Abel"]
[Result "0-1"]
[WhiteElo "1561"]
[BlackElo "1472"]
[PlyCount "48"]
[EventDate "2016.10.01"]
[EventType "swiss"]
[EventRounds "7"]
[EventCountry "ESP"]
[SourceTitle "EXT 2024"]
[Source "ChessBase"]
[SourceDate "2023.10.10"]
[SourceVersion "1"]
[SourceVersionDate "2023.10.10"]
[SourceQuality "1"]

1. d4 Nf6 2. Nf3 c5 3. c4 cxd4 4. Nxd4 e6 5. Bf4 e5 6. Be3 exd4 7. Bxd4 Nc6 8. Nc3 Nxd4 9. Qxd4 Bb4 10. 0-0-0 0-0 11. e3 Qb6 12. Qd3 Bxc3 13. Qxc3 d5 14. c5 Qc6 15. Bd3 Be6 16. b4 b6 17. Kd2 Rfd8 18. Ke2 Ne4 19. Qc2 Rac8 20. f3 Nf6 21. Rc1 bxc5 22. bxc5 d4 23. e4 Nd7 24. e5 h6 0-1